000 00488nam a2200181Ia 4500
001 16343
005 20260306170302.0
008 260306t2017||||xx |||||||||||||| ||und||
041 _aESP
082 _a348.411
_bF81
100 _aFranciskovic Ingunza, Beatriz
_eAUT
245 0 _aRegulación jurídica de los animales de compañía en el derecho civil peruano
260 _c2017
300 _a280 páginas :
_c25 cm.
650 _aGEN
654 _aCDE
942 _cLIB
_dJUS
_fJUS
_2ddc
_n
999 _c16343
_d16343